| 000 | 00915nam a2200205 a 4500 | ||
|---|---|---|---|
| 005 | 20140412111220.0 | ||
| 008 | 020603s19uu xx 00 eng d | ||
| 020 | _a0-439-25179-6 | ||
| 050 |
_aER _bPo75be 2001 |
||
| 100 | _aMcCracken, Craig | ||
| 245 |
_aThe Powerpuff girls: beat your greens / _cadapted by Laura Dower ; created by Craig McCraken. |
||
| 260 |
_aNew York : _bScholastic Inc, _c2001. |
||
| 300 | _a32 p. ; ill. | ||
| 440 | _aCartoon Network, Powerpuff Girls | ||
| 500 | _aBased on "The Powerpuff Girls" | ||
| 520 | _aIf there's one thing that makes Blossom, Bubbles, and Buttercup say, "Eeeuuuw," it's vegetables. But when a bunch of alien broccoli stalks Townsville, the Girls realize they better listen to the Professor's advice: "The only way to get rid of your broccoli is to eat it all up." | ||
| 650 |
_aAdventures _xFiction |
||
| 650 |
_aChildren stories _xFiction |
||
| 999 |
_c101904 _d101904 |
||